000 01073nam0a2200289 4500
001 RU\NLR\bibl\8992
005 20260409063418.0
010 _a5-7975-0050-7
_910000
021 _aRU
_b98-11694
_9553
035 _a(NLR Aleph) 000008791
090 _a28271
_c28271
100 _a19981201d1998 |||y0rusy50 ca
101 0 _arus
102 _aRU
105 _a|||||||||||||
200 1 _aГражданский процессуальный кодекс РСФСР
_e[По состоянию на 01.02.98.]
210 _aМ.
_cЮристъ
_d1998
215 _a176 с.
_d21
606 0 _aГражданский процессуальный кодекс
_yРоссийская Федерация
_92075486
_3RU\NLR\auth\661250561
686 _aХ629.2-324.9(2Р)
740 1 _aРоссийская Федерация
_tЗаконы
_iГражданский процессуальный кодекс
_3RU\NLR\AUTH\880379477
_9425338
801 0 _aRU
_bNLR
_c19981201
_gPSBO
801 1 _aRU
_bNLR
_c19981201
852 _aNLR
_j98-5/1121
942 _cBOOK
980 _aNB